000 05814nam a2200457 a 4500
001 dia_3672
003 CHAP
005 20250227090712.0
007 ta
008 220601s2006 mx ade frm 001 0 spa d
040 _amxchpua
_cCHAP
041 0 _aspa
_beng
090 _aTesis
_bR63
_c2006
100 1 _aRodríguez García, Roxana
240 1 _aAnalysis of technical and economical feasibility project for the installation of a processing plant of blackberry marmalade in Los Reyes, Mich.
_lEspañol
245 1 0 _aEstudio de Factibilidad Técnico Económico para el establecimiento de una planta procesadora de mermelada de zarzamora en los Reyes, Mich. /
_cRoxana Rodríguez García
264 _aChapingo, México :
_bEl autor,
_c2006
300 _avi, 88 hojas :
_bilustraciones, tablas, gráficas, planos
336 _2rdacontent
_atexto
_btxt
337 _2rdamedia
_ano mediado
_bn
338 _2rdacarrier
_avolumen
_bnc
502 _aTesis
_b(Ingeniero Agroindustrial) --
_cUACh. Departamento de Ingeniería Agroindustrial,
_d2006
504 _aBibliografía : hojas
505 _a1 plano : -- 1. Distribución de la planta
520 3 _aLa zarzamora en los últimos años ha presentado un incremento en la superficie plantada y de producción, esto a pesar de que es un cultivo costoso pero que también es rentable. Michoacán el es principal Estado productor de esta frutilla en la República y dentro de el, Los Reyes es el municipio que presenta la mayor producción en el Estado, con un estimado de 2,500.00 toneladas para el año 2005, presentando rendimientos estimados de 10 toneladas/ha en este mismo año de las cuales alrededor del 30% es destinada a proceso. Esto representa una oportunidad para el establecimiento de agroindustrias en la región. Por ello surge este estudio que ofrece una alternativa a los productores del municipio para dar valor agregado a su producto y así ofrecer al mercado de consumo de las mermeladas un producto de alta calidad en presentaciones prácticas. Para la realización de este estudio se realizó un estudio técnico y económico sobre el proyecto arrojando resultados importantes para la toma de decisión. El proyecto requiere de una inversión de $2,805,107.00, de los cuales el 89.8% será financiado por un crédito de avío para el capital de trabajo y otro refaccionario para cubrir parte de la inversión fija, estos créditos serán solicitados a FIRA. El restante 10.2% será aportación de los socios. La recuperación de la inversión tomara 3 años. El indicador que nos señala si el proyecto es rentable es la TIR (Tasa Interna de Retorno) que resulto ser de 103.5% para la evaluación privada y 61.2% para la empresa, comparando estos valores con la TREMA (Tasa de Rentabilidad Mínima Aceptable) de 30% y al ser superiores resulta rentable el proyecto, además los valores del VAN (Valor Actual Neto) resultaron positivos. La relación beneficio/costo resulto ser de 1.53. Este proyecto no solo tiene beneficios económicos sino también sociales pues contribuye a la creación de empleos. Por todo lo anterior se recomienda la puesta en marcha de este proyecto por resultar factible tanto técnica, económica y socialmente.
520 3 _aBlackberries in Mexico have shown in the last years an important increase in the planting hectarage. The State on Michoacan is the first producer of blackberry, and Los Reyes is the municipality with the greatest production of the Estate, with an estimated 2500.00 tons of fruit for the year 2005 with an estimated yield on 10 ton ha-1 of the total amount of amount about 30% is destine for processing. This represents an opportunity for the establishment of an agro industry in the zone. This study offers an alternative for growers of the municipality to give a plus to the value to their product and offer to the marmalade consumers a high quality product in a practical presentation (display). The analysis of this project was made with a technical and economical feasibility study, giving the necessary elements for the decisions taking. The project requires an investment of $2,805,107.00. The and the 89,8% of this amount will be financed trough a loan credit and part of the fix assets investments, this credits will be required to FIRA. The remaining 10,2% will be a contribution by the members. The period of recovery of the investment is of three years. The indicator TIR (Internal Revenue Rate) that tells if the project is profitable is resulted in a value of 103.5% for the partners evaluation and 61,2% in the evaluation of the project. Comparing these values with the TREMA (Minimum Acceptable Rate of Rentability) of 30%, the project proves to be rentable also considering the positive value of the VAN (Actual Net Value). The relation of benefit-cost resulted in 1.53. Beside this project also has a social benefit by contributing to the creation of new jobs. For all this reasons it is recommendable the installation and operation of this processing plant for its technical and economic feasibility and also for the social impact.
650 1 2 _aZarzamora
_2atg
_xMermeladas
650 1 3 _aMermeladas
_2atg
_xPlantas procesadoras de alimentos
650 1 3 _aMermeladas
_2atg
_xIniciativa empresarial
_zMéxico
650 1 3 _aBlackberries
_2atg
_xJams
650 1 3 _aJams
_2atg
_xFood processing plants
650 1 3 _aJams
_2atg
_xEntrepreneurship
_zMexico
700 1 _aGarcía Chávez, Luis Ramiro
_edirector
700 1 _aAltamirano Cárdenas, J. Reyes
_easesor
700 1 _aSánchez Peña, José Víctor
_easesor
856 _uhttp://10.13.5.2/tesis/103948.pdf
_yDESCARGAR PDF
901 _aTESIS R63 2006
902 _aM
905 _a0000002006 mx 0000000000spa00
942 _cTESIS
_2Clasificación Universidad Autónoma Chapingo
999 _c209378
_d209378